000 01719cam a22004214i 4500
003 PE-LiUPU
005 20250731173137.0
008 150623s r 000 0 d
035 _a(Sirsi) a27061
040 _aPE-LiUPU
_bspa
_cPE-LiUPU
_erda
082 0 4 _a285.9
_bH18
_221
100 1 _aHaller, William, b.,
_d1885 -,
_eautor.
245 1 4 _aThe rise of puritanism :
_bor, the way to the new Jerusalem as set forth in pulpit and press from Thomas Cartwright to John Lilburne and John Milton, 1570-1643 /
_cWilliam Haller.
264 1 _aNew York :
_bHarper & Row, Publishers,
_c1957.
300 _a464 páginas ;
_c20 cm.
336 _atext
_2rdacontent
337 _aunmediated
_2rdamedia
338 _avolume
_2rdacarrier
505 0 _aPhysicians of the soul. The spiritual brotherhood. The calling of the saints. The rhetoric of the spirit. Reformation without tarrying. The safe way to salvation. Episkopomastix. Church-outed by the prelates. Root and Branch. The law of nature.
526 _aSEG42
526 _aSEG41
526 _aSEG40
526 _aSEG39
526 _aP94
526 _aP87
526 _aP86
526 _aP85
526 _aP77
526 _aP76
526 _aP35
650 0 4 _aPuritanismo.
650 0 4 _aLectura religiosa
_xHistoria y crítica.
942 _2ddc
_cBOOK
949 _a285.9 H18
_wDEWEY
_c1
_i52338
_lCCODEBUL1
_mBUL
_p6.00
_r0
_sY
_tBOOK
_u2015-06-24
_xTEOLOGIA
_PP35
_0COMPRA
_o.STAFF. Colección General
596 _a1
999 _a285.9 H18
_wDEWEY
_c34161
_i52338
_d34161
_f2021-11-11
_g6
_lCCODEBUL1
_mBUL
_p6.00
_q1
_r0
_sY
_tBOOK
_u2015-6-24
_xTEOLOGIA
_PP35
_0COMPRA
_o.STAFF. Colección General
980 _81
_gALBERTO SANCHEZ Responsable de Automatización